| 000 | 00878cam a22002651a 4500 | ||
|---|---|---|---|
| 001 | sa 68008849 | ||
| 003 | DLC | ||
| 005 | 20260227112537.0 | ||
| 008 | 851007s1961 ii f bc s000 0 eng | ||
| 010 | _asa 68008849 | ||
| 025 | _aPL480: I-E-9699 | ||
| 035 | _a(OCoLC)12640147 | ||
| 040 |
_aDLC _cIU _dDLC |
||
| 042 | _apremarc | ||
| 043 | _aa-ii--- | ||
| 050 | 0 | 0 |
_aN7307.R3 _bG3 |
| 110 | 2 | _aGanga Golden Jubilee Museum. | |
| 245 | 1 | 0 |
_aCatalogue & guide to Ganga Golden Jubilee Museum, Bikaner, 1960-61 / _cby V.S. Srivastava, curator. |
| 250 | _a[1st ed.]. | ||
| 260 |
_aJaipur : _bDept. of Archaeology & Museums, Govt. of Rajasthan, _c[1961] |
||
| 300 |
_a118 p., [13] leaves of plates : _bill.(part col.) ; _c22 cm. |
||
| 500 | _aIncludes bibliographical references. | ||
| 650 | 0 |
_aArt _zIndia _zRajasthan _vCatalogs. |
|
| 700 | 1 |
_aĹrivastava, Vijai Shankar, _d1937- |
|
| 999 |
_c82612 _d82612 |
||